Functional analysis : proceedings of the seminar at the University of Texas at Austin, 1987-89
Αποθηκεύτηκε σε:
| Συγγραφή απο Οργανισμό/Αρχή: | |
|---|---|
| Άλλοι συγγραφείς: | , |
| Μορφή: | Πρακτικό Συνεδρίου Βιβλίο |
| Γλώσσα: | English |
| Δημοσίευση: |
Berlin ; New York :
Springer-Verlag,
c1991.
|
| Σειρά: | Lecture notes in mathematics (Springer-Verlag)
; 1470 |
| Θέματα: | |
| Ετικέτες: |
Προσθήκη ετικέτας
Δεν υπάρχουν, Καταχωρήστε ετικέτα πρώτοι!
|
MARC
| LEADER | 00000cam a2200000 i 4500 | ||
|---|---|---|---|
| 001 | 1/29997 | ||
| 008 | 941103s1991####gw | ||| |||| ||eng|| | ||
| 020 | |a 354054206X | ||
| 020 | |a 038754206X | ||
| 035 | |l 10038459 | ||
| 035 | |a 1993 | ||
| 040 | |a GR-MyUA |b gre |e AACR2 | ||
| 041 | 0 | |a eng | |
| 082 | 0 | |a 515.7 |2 (20) | |
| 245 | 0 | 0 | |a Functional analysis : |b proceedings of the seminar at the University of Texas at Austin, 1987-89 / |c E. Odell, H. Rosenthal (eds.). |
| 260 | |a Berlin ; |a New York : |b Springer-Verlag, |c c1991. | ||
| 300 | |a 199 σ. : |b εικ. ; |c 25 εκ. | ||
| 490 | 1 | |a (Lecture notes in mathematics (Springer-Verlag) |v ; 1470) | |
| 500 | |a "The sixth annual proceedings of our Functional Analysis Seminar at The University of Texas"--Pref | ||
| 504 | |a Περιέχει βιβλιογραφικές αναφορές. | ||
| 650 | 0 | 0 | |a Functional analysis |x Congresses. |
| 700 | 1 | |a Odell, E. |q (Edward) |e edt | |
| 700 | 1 | |a Rosenthal, Haskell P. |e edt | |
| 711 | 2 | |a Functional Analysis Seminar |n (6th : |d 1987-1989 : |c University of Texas at Austin) | |
| 830 | 0 | |a Lecture notes in mathematics (Springer-Verlag) |v ; 1470 | |
| 852 | |a INST |b SAMOS |e 19941103 |h 515.7 FUN |p 005300007999 |q 005300007999 |t BK |y 0 | ||
| 909 | |a Σ |b 029309 | ||